Anandakanda (Betageri Krishna Sharma): (Record no. 190683)

MARC details
000 -LEADER
fixed length control field 00655nam a22001937a 4500
005 - DATE AND TIME OF LATEST TRANSACTION
control field 20220802161040.0
010 ## - LCCN (DPL NO)
LC control number ENG-134168
020 ## - INTERNATIONAL STANDARD BOOK NUMBER
Terms of availability 50.00
International Standard Book Number 9789389195460
035 ## - SYSTEM CONTROL NUMBER
System control number EN-117700
037 ## - SOURCE OF ACQUISITION
Source of stock number/acquisition DBAD/PUB
082 ## - DEWEY DECIMAL CLASSIFICATION NUMBER
Classification number 894.81409
100 ## - MAIN ENTRY--PERSONAL NAME
Personal name Patil,Raghavendra
245 ## - TITLE STATEMENT
Title Anandakanda (Betageri Krishna Sharma):
Statement of responsibility, etc by Raghavendra Patil;translated by Shashidhar G.Vaidya
Remainder of title makers of indian literature/
260 ## - PUBLICATION, DISTRIBUTION, ETC. (IMPRINT)
Name of publisher, distributor, etc Sahitya Akademi
Date of publication, distribution, etc 2019
Place of publication, distribution, etc New Delhi
270 ## - ADDRESS
Address Rabindra Bhawan,35,Phirozesshah Road,
City New Delhi
Postal code 110001
300 ## - PHYSICAL DESCRIPTION
Extent 155p.
Dimensions 22cm(pbk)
700 ## - ADDED ENTRY--PERSONAL NAME
Personal name Vaidya,Shashidhar G.
942 ## - ADDED ENTRY ELEMENTS (KOHA)
Source of classification or shelving scheme Dewey Decimal Classification
Item type English Books
Classification part 894.81409
Call number suffix PAT
Holdings
Withdrawn status Lost status Not for loan Collection code Home library Current library Date acquired Source of acquisition Cost, normal purchase price Full call number Barcode Copy number Cost, replacement price Koha item type
      Non-fiction Bawana Bawana 02/08/2022 DBAD/PUB 50.00 894.81409 PAT EN-117700 1 50.00 English Books

© Delhi Public Library
Hit Counter
free hit counter